• 首页
  • 本馆介绍
  • 公告通知
  • 最新文献
  • 馆藏检索
  • 电子资源
  • 读者导购
  • 参考咨询
  • 我的图书馆
  • 登录
  • 详细信息显示
  • 放入我的书架
  • 预约/预借图书
  • 作者相关作品
  • 分类相关作品
  • 丛书相关作品
  • 出版社相关作品

书目信息

  • 表格格式
  • 工作单格式
  • 卡片格式
题名:
社会主义核心价值观成语故事读本
    
 
作者: 王静 主编 ;赵秀娥 编著
分册:   敬业
出版信息: 呼和浩特   内蒙古人民出版社  2019.3
页数: 202页
开本: 24cm
丛书名:
单 册:
中图分类: D616-49 , H136.31-49 , I247.81
科图分类:
主题词: 成语--cheng yu--故事--作品集--中国
电子资源:
ISBN: 978-7-204-15884-3
000 00839nam0 2200277 450
001 2156276858
005 20211011172911.0
010    @a978-7-204-15884-3@dCNY39.00
100    @a20200603d2019 em y0chiy0120 ea
101 0  @achi
102    @aCN@b150000
105    @aa z 000fy
106    @ar
200 1  @a社会主义核心价值观成语故事读本@Ashe hui zhu yi he xin jia zhi guan cheng yu gu shi du ben@i敬业@f王静主编@g赵秀娥编著
210    @a呼和浩特@c内蒙古人民出版社@d2019.3
215    @a202页@c图@d24cm
314    @a主编:王静
517 1  @a敬业@Ajing ye
606 0  @a成语@Acheng yu@x故事@x作品集@y中国
690    @aD616-49@v5
690    @aH136.31-49@v5
690    @aI247.81@v5
701  0 @a王静@Awang jing@4主编
702  0 @a赵秀娥@Azhao xiu e@4编著
801  0 @aCN@b百万庄@c20211006
905    @b1305502-05@dD616-49@e309@f4
    
    社会主义核心价值观成语故事读本.敬业/王静主编/赵秀娥编著.-呼和浩特:内蒙古人民出版社,2019.3
    202页:图;24cm
    
    
    ISBN 978-7-204-15884-3:CNY39.00
    
●
相关链接 在E读中查询图书 在五车中查询图书 在当当中查询图书 在豆瓣中查询图书


正题名:社会主义核心价值观成语故事读本     索取号:D616-49/309         预约/预借

序号 登录号 条形码 馆藏地/架位号 状态 备注
1 1305502   213055021   第一样本阅览室/ [索取号:D616-49/309] 在馆    
2 1305503   213055030   第一借阅区/ [索取号:D616-49/309] 在馆    
3 1305504   213055049   第一借阅区/ [索取号:D616-49/309] 在馆    
4 1305505   213055058   第一借阅区/ [索取号:D616-49/309] 在馆    
唐山师范学院图书馆 欢迎您!
大连网信软件有限公司© 版权所有